LEADER 01053nam a2200241 i 4500 001 000000164290 003 CaOOAMICUS 005 20070911000000.0 008 070911s1951 it u000 u ita u 013 $a141657 040 $aSeMil$bita 100 1 $aPascarella, Cesare,$d<1858-1940>.$0(OLS)http://semarc/name/56193 245 13$aLa scoperta dell'America e altri sonetti /$cdi Cesare Pascarella ; a cura dell' Accademia dei Lincei. 260 $a[Milano] :$bArnoldo Mondadori Editore,$c1951. 300 $a144 p. ;$c19 cm. 490 0 $aBiblioteca moderna Mondadori ;$v246 700 1 $aAccademia dei Lincei .$0(OLS)http://semarc/name/8077 830 0$aBiblioteca moderna Mondadori ;$v246.$0(OLS)http://semarc/title/8674 850 $aSeMil 852 $aSeMil$W1$xVenegono$y1$m1B II 354$j239947$B115558$CSeMilBibl$Z2$F126461 $81 961 $aRecupero: Altro 996 $6245$aLa scoperta dell'America e altri sonetti$9(OLS)http://semarc/title/234392 996 $6260$a[Milano] :$bArnoldo Mondadori Editore$9(OLS)http://semarc/publisher/29634 LEADER 01283nam a2200289 i 4500 001 000000034189 003 CaOOAMICUS 005 20090406000000.0 008 090406s1987 it u000 u ita u 013 $a344 020 $a88-382-3556-2 040 $aSeMil$bita 100 1 $aVeneruso, Danilo <1932- >.$0(OLS)http://semarc/name/15633 245 13$aIl seme della pace :$bla cultura cattolica e il nazionalimperialismo fra le due guerre /$cDanilo Veneruso. 260 $aRoma :$bStudium,$ccopyr. 1987. 300 $a233 p. ;$c21 cm. 490 0 $aLa cultura ;$v34 600 04$aPio XI .$0(OLS)http://semarc/subject/2399 650 4$aStoria contemporanea - Sec. 20.$0(OLS)http://semarc/subject/51624 650 4$aChiesa - Storia - Sec. 20.-21.$0(OLS)http://semarc/subject/686 830 3$aLa cultura ;$v34.$0(OLS)http://semarc/title/6877 850 $aSeMil 852 $aSeMil$W1$xVenegono$y1$m3A IV 210$j344$B344$CSeMilBibl$Z2$F344 $81 961 $aOmaggio: Oneta don Marco 996 $6020$a88-382-3556-2$9(OLS)http://semarc/number/1845 996 $6245$aIl seme della pace :$bla cultura cattolica e il nazionalimperialismo fra le due guerre$9(OLS)http://semarc/title/46118 996 $6260$aRoma :$bStudium$9(OLS)http://semarc/publisher/29617